El TLC EEUU - El Salvador: ¿una solución?

Guardado en:
Bibliografiske detaljer
Format: Texto
Fag:
Tags: Tilføj Tag
Ingen Tags, Vær først til at tagge denne postø!

MARC

LEADER 00000 a a2200000 04500
001 6659
003
040
245 |a El TLC EEUU - El Salvador:   |b ¿una solución?  
650 |a TLC  
650 |a EL SALVADOR  
650 |a ESTADOS UNIDOS  
773 |g volumen 23, número 1048; páginas 7-9  
999 |c 23557  |d 23557